music trivia: name the guitarist(s) for each band - Statistics

General Stats
  • This quiz has been taken 147 times
  • The average score is 7 of 15
Answer Stats
Hint Answer % Correct
Queen Brian May
97%
Led Zeppelin Jimmy Page
84%
Pink Floyd David Gilmour, Syd Barrett or Bob Klose
74%
Green Day Billie Joe Armstrong, Mike Dirnt or Jason White
70%
Black Sabbath Tony Iommi
70%
Creedence Clearwater Revival John Fogerty & Tom Fogerty
67%
The Rolling Stones (besides Richards & Jagger) Brian Jones, Mick Taylor or Ronnie Wood
53%
The Kinks Ray Davies & Dave Davies
50%
Coldplay Chris Martin, Jonny Buckland and Will Champion
43%
Electric Light Orchestra Jeff Lynne & Roy Wood
43%
Bruce Springsteen & the E Street Band (besides Bruce) Steven Van Zandt & Nils Lofgren
24%
The Bangles Vicki Peterson & Susanna Hoffs
17%
Tom Petty and the Heartbreakers (besides Tom Petty) Mike Campbell, Howie Epstein or Scott Thurston
15%
Booker T. and the M.G.'s Steve Cropper
12%
Living Colour Vernon Reid, Doug Wimbush & Corey Glover
11%
No matching quizzes found
Score Distribution
Percent of People with Each Score
Percentile by Number Answered
Your Score History
You have not taken this quiz